000 00412nam a22001697a 4500
003 MPLRDC
005 20220104143438.0
008 210129b ||||| |||| 00| 0 eng d
082 _a868.71 FX-2 v.1 c.3
100 _a方修编
245 _a马华文学作品选. 一
_c
250 _a一版二刷
260 _a
_b董总
_c1993
300 _b
650 _a马华文学
942 _cBK
_o868.71 FX-2 v.1 c.3
999 _c39984
_d39974